Statistics for Switchfoot Songs 2

Click here to take the quiz!

General Stats

  • This quiz has been taken 19 times
  • The average score is 7 of 12

Answer Stats

HintAnswer% Correct
Oh gravity, Why can't we seem to keep it together?Oh! Gravity
100%
We are one tonight, And we're singing it out.We Are One Tonight
89%
This is home, Now I'm finally where I belong.This Is Home
84%
In this needle and haystack life, I found miracles there in your eyes.Needle and Haystack Life
79%
Sunshine won't you be my mother, Sunshine come and help me sing.The Shadow Proves the Sunshine
63%
I woke up from my dream as a golden man, With a girl I'd never seen with golden skin.Faust, Midas, and Myself
58%
I'm picking up the pieces, I'm trying out adhesives.The World You Want
47%
Here's to the twilight, Here's to the memories.Souvenirs
47%
From the day we're born, We are scarred and torn.Let It Out
42%
She turns like the ocean, She tells no emotion.Lonely Nation
42%
In this life you're the flower and the thorn, You're everything that's fair in love and war.Head Over Heels
37%
All this noise of rock and roll, Feels a lot like we're ready to fold.Say It Like You Mean It
32%

Score Distribution

Percentile by Number Answered

Percent of People with Each Score

Your Score History

You have not taken this quiz